| 000 | 00818nam a2200253 i 4500 | ||
|---|---|---|---|
| 001 | 68655 | ||
| 003 | ES-MaACL | ||
| 005 | 20230906170328.0 | ||
| 007 | t| | ||
| 008 | 960813s1881 phl |||| | spa d | ||
| 040 |
_aCAM _bspa _cCAM |
||
| 080 | _a(038)=134.2=621.215.31 | ||
| 100 | 1 |
_aGayacao, Juan. _956137 |
|
| 245 | 1 | 0 |
_aManual de conversaciones en hispano-bicol y vice-versa / _cpor Juan Gayacao. |
| 250 | _a5ª ed. | ||
| 260 |
_aManila : _b[s.n.], _c1881 ( _fImp. de los Amigos del País) |
||
| 300 |
_a116 p. ; _c19 cm. |
||
| 650 | 4 |
_aLengua bicol. _9162861 |
|
| 650 | 4 |
_aLengua española- _xConversación y frases- _xBicol. _9155756 |
|
| 650 | 4 |
_aLengua bicol- _xConversación y frases- _xEspañol. _9155757 |
|
| 651 | 4 |
_aLenguas filipinas. _9206414 |
|
| 852 |
_aES-MaACL _jT-605-F-1 |
||
| 999 |
_c68655 _d68655 |
||